Modern concepts on water resources (Record no. 1335)

000 -LEADER
fixed length control field 00600nam a22002177a 4500
001 - CONTROL NUMBER
control field 1335
003 - CONTROL NUMBER IDENTIFIER
control field BD-DhUET
008 - FIXED-LENGTH DATA ELEMENTS--GENERAL INFORMATION
fixed length control field 140903b xxu||||| |||| 00| 0 eng d
020 ## - INTERNATIONAL STANDARD BOOK NUMBER
International Standard Book Number 9848090309
040 ## - CATALOGING SOURCE
Original cataloging agency 0
Transcribing agency 0
Modifying agency BD-DhUET
082 ## - DEWEY DECIMAL CLASSIFICATION NUMBER
Classification number 628.16068095492
Item number FAI/2007
100 ## - MAIN ENTRY--PERSONAL NAME
Personal name Faisal Hossain
245 ## - TITLE STATEMENT
Title Modern concepts on water resources
Statement of responsibility, etc. by Faisal Hossain,Md. Delawer Hossain
250 ## - EDITION STATEMENT
Edition statement Ist ed.
260 ## - PUBLICATION, DISTRIBUTION, ETC. (IMPRINT)
Place of publication, distribution, etc. Dhaka
Name of publisher, distributor, etc. UGC,
Date of publication, distribution, etc. 2007
300 ## - PHYSICAL DESCRIPTION
Extent xv,222p.
504 ## - BIBLIOGRAPHY, ETC. NOTE
Bibliography, etc Includes bibliographies
650 #0 - SUBJECT ADDED ENTRY--TOPICAL TERM
Topical term or geographic name as entry element Water resources management
Geographic subdivision Bangladesh
700 ## - ADDED ENTRY--PERSONAL NAME
Personal name Delawer Hossain, Md.
942 ## - ADDED ENTRY ELEMENTS (KOHA)
Koha item type General Book
Holdings
Damaged status Piece designation (barcode) Koha normalized classification for sorting Sublocation or collection (holding branch) Withdrawn status Lost status Date acquired Koha item type Shelving location Copy number Price effective from Koha date last seen Location (home branch) Source of classification or shelving scheme Not for loan Koha full call number
 103500628_160680954920000_FAI_2007Central Library, BUET  2014-09-03General BookCirculation section12014-09-032014-09-03Central Library, BUET  628.16068095492/FAI/2007
 103501628_160680954920000_FAI_2007Central Library, BUET  2014-09-03General BookCirculation section22014-09-032014-09-03Central Library, BUET  628.16068095492/FAI/2007
 103502628_160680954920000_FAI_2007Central Library, BUET  2014-09-03General BookCirculation section32014-09-032014-09-03Central Library, BUET  628.16068095492/FAI/2007
 103503628_160680954920000_FAI_2007Central Library, BUET  2014-09-03General BookCirculation section42014-09-032014-09-03Central Library, BUET  628.16068095492/FAI/2007
 103504628_160680954920000_FAI_2007Central Library, BUET  2014-09-03General BookCirculation section52014-09-032014-09-03Central Library, BUET  628.16068095492/FAI/2007
 103505628_160680954920000_FAI_2007Central Library, BUET  2014-09-03General BookCirculation section62014-09-032014-09-03Central Library, BUET  628.16068095492/FAI/2007
 103506628_000000000000000_1606809549Central Library, BUET  2014-09-03General BookCirculation section72014-09-032014-09-03Central Library, BUET  628.16068095492/FAI/2007
 103507628_000000000000000_1606809549Central Library, BUET  2014-09-03General BookCirculation section82014-09-032014-09-03Central Library, BUET  628.16068095492/FAI/2007
 103508628_160680954920000_FAI_2007Central Library, BUET  2014-09-03General BookCirculation section92014-09-032014-09-03Central Library, BUET  628.16068095492/FAI/2007
 103509628_000000000000000_1606809549Central Library, BUET  2014-09-03General BookCirculation section102014-09-032014-09-03Central Library, BUET  628.16068095492/FAI/2007
 114242628_160680954920000_FAI_2007Central Library, BUET  2016-07-26General BookCirculation section112016-07-262016-07-26Central Library, BUET  628.16068095492/FAI/2007
 114243628_160680954920000_FAI_2007Central Library, BUET  2016-07-26General BookCirculation section122016-07-262016-07-26Central Library, BUET  628.16068095492/FAI/2007